Top 10 Città più popolose Città Metropolitana di Bologna - Statistics

Statistiche generali
  • Questo quiz è stato fatto 58 volte
  • Il punteggio medio è 6 su 10
Statistiche sulle risposte
Popolazione (ab.) Città % Corretto
371 337 Bologna
95%
35 173 Casalecchio di Reno
84%
67 892 Imola
81%
31 091 San Lazzaro di Savena
72%
26 992 San Giovanni in Persiceto
49%
18 193 Zola Predosa
47%
18 008 Budrio
42%
17 507 Castel Maggiore
40%
20 468 Castel San Pietro Terme
40%
29 427 Valsamoggia
40%
Nessun quiz corrispondente trovato
Distribuzione punteggi
Percentuale di utenti per punteggio
Percentile per numero di risposta
I tuoi punteggi nel tempo
Non hai fatto questo quiz